[Event "Schachfestival 2014 - Senioren"]
[Site "Woerishofen Bad"]
[Date "2014.03.29"]
[Round "9.17"]
[White "Klempt, Guenter"]
[Black "Smits, Oswald"]
[Result "1/2-1/2"]
[WhiteElo "2052"]
[BlackElo "1925"]
[PlyCount "34"]
[EventDate "2014.03.21"]
[EventType "swiss"]
[EventCountry "GER"]
[WhiteTeam "Bochumer Schachverein 02"]
[BlackTeam "Sfr. Taunus Königstein/Schwalbach"]
[WhiteTeamCountry "GER"]
[BlackTeamCountry "GER"]

1. d4 Nf6 2. Nf3 e6 3. c4 b6 4. Nc3 d5 5. Bg5 Be7 6. e3 O-O 7. Rc1 Bb7 8. Bd3
dxc4 9. Bxc4 Nbd7 10. O-O Rc8 11. Qe2 c5 12. Bd3 cxd4 13. Nxd4 Nd5 14. Bxe7
Qxe7 15. Nxd5 Bxd5 16. b3 Nc5 17. e4 Bb7 1/2-1/2

[Event "Schachfestival 2014 - Senioren"]
[Site "Woerishofen Bad"]
[Date "2014.03.29"]
[Round "9.47"]
[White "Bartlitz, Heinz"]
[Black "Girod, Gudrun"]
[Result "1/2-1/2"]
[WhiteElo "1750"]
[BlackElo "1565"]
[PlyCount "52"]
[EventDate "2014.03.21"]
[EventType "swiss"]
[EventCountry "GER"]
[WhiteTeam "Bramfelder SK 1947 e.V."]
[BlackTeam "Hannover 96"]
[WhiteTeamCountry "GER"]
[BlackTeamCountry "GER"]

1. e4 c6 2. d4 d5 3. exd5 cxd5 4. c4 e6 5. Nf3 Nf6 6. c5 Be7 7. Bd3 O-O 8. O-O
Nbd7 9. b4 h6 10. b5 Nh7 11. a4 Ng5 12. Nxg5 Bxg5 13. Bxg5 Qxg5 14. f4 Qd8 15.
Qd2 Nf6 16. Nc3 Qa5 17. Nb1 Qxd2 18. Nxd2 Bd7 19. Rfc1 Rac8 20. Nf3 Ng4 21. h3
Ne3 22. Kf2 Nf5 23. Bxf5 exf5 24. Ne5 Rfd8 25. Nxd7 Rxd7 26. Re1 Kf8 1/2-1/2

[Event "Schachfestival 2014 - Senioren"]
[Site "Woerishofen Bad"]
[Date "2014.03.29"]
[Round "9.42"]
[White "Lubberich, Alfred"]
[Black "Mircoli, Filippo"]
[Result "1-0"]
[WhiteElo "1892"]
[BlackElo "1674"]
[PlyCount "51"]
[EventDate "2014.03.21"]
[EventType "swiss"]
[EventCountry "GER"]
[WhiteTeam "Schachgemeinschaft Nettetal 1929"]
[BlackTeam "Castelfidardo"]
[WhiteTeamCountry "GER"]
[BlackTeamCountry "ITA"]

1. Nf3 Nf6 2. d4 d5 3. Bf4 e6 4. e3 Bd6 5. Bxd6 cxd6 6. c4 O-O 7. cxd5 Nxd5 8.
Qd2 a6 9. e4 Nf6 10. Nc3 b5 11. a3 Bb7 12. Bd3 Nc6 13. O-O Qb6 14. e5 dxe5 15.
dxe5 Nd7 16. Qf4 Nc5 17. Bc2 Ne7 18. Bxh7+ Kxh7 19. Qh4+ Kg6 20. Qg5+ Kh7 21.
Qh5+ Kg8 22. Ng5 Rfe8 23. Qxf7+ Kh8 24. Rfe1 Nf5 25. Qg6 Nd3 26. Qh7# 1-0

[Event "Schachfestival 2014 - Senioren"]
[Site "Woerishofen Bad"]
[Date "2014.03.29"]
[Round "9.18"]
[White "Koenigl, Anton"]
[Black "Mentel, Juergen"]
[Result "1/2-1/2"]
[WhiteElo "1917"]
[BlackElo "2014"]
[PlyCount "25"]
[EventDate "2014.03.21"]
[EventType "swiss"]
[EventCountry "GER"]
[WhiteTeam "FC Ergolding 1932 e.V."]
[BlackTeam "Greifswalder SV"]
[WhiteTeamCountry "GER"]
[BlackTeamCountry "GER"]

1. d4 d6 2. e4 Nf6 3. Nc3 c6 4. a4 Qa5 5. Bd2 Qb6 6. Bc1 Bg4 7. f3 Bh5 8. a5
Qc7 9. Be3 e6 10. Nge2 e5 11. h4 h6 12. Qd2 Nbd7 13. d5 1/2-1/2

[Event "Schachfestival 2014 - Senioren"]
[Site "Woerishofen Bad"]
[Date "2014.03.29"]
[Round "9.34"]
[White "Neumann, Erwin"]
[Black "Gulinelli, Euro"]
[Result "1-0"]
[WhiteElo "1932"]
[BlackElo "1579"]
[PlyCount "69"]
[EventDate "2014.03.21"]
[EventType "swiss"]
[EventCountry "GER"]
[WhiteTeam "SK Schwäbisch Hall"]
[BlackTeam "Faenza"]
[WhiteTeamCountry "GER"]
[BlackTeamCountry "ITA"]

1. e4 c6 2. Nf3 d5 3. exd5 cxd5 4. c3 Nc6 5. d4 Nf6 6. Bd3 Qc7 7. h3 e5 8. dxe5
Nxe5 9. Qe2 Bd6 10. Nxe5 O-O 11. Nf3 Re8 12. Be3 Bf4 13. Na3 Bxe3 14. fxe3 Qg3+
15. Kd2 Bd7 16. Rhf1 d4 17. Nxd4 Nd5 18. Rf3 Qg5 19. Nac2 Re5 20. Re1 Rae8 21.
Qf2 R8e7 22. g4 a6 23. c4 Nf6 24. Qg3 Ne4+ 25. Bxe4 Rxe4 26. Rf4 Qa5+ 27. b4
Qxa2 28. Rxe4 Rxe4 29. Qb8+ Re8 30. Qxb7 Bc8 31. Qc6 Kf8 32. Kc3 a5 33. Qc5+
Kg8 34. Qxa5 Qxa5 35. bxa5 1-0

[Event "Schachfestival 2014 - Senioren"]
[Site "Woerishofen Bad"]
[Date "2014.03.29"]
[Round "9.3"]
[White "Bhend, Edwin"]
[Black "Goy, Udo"]
[Result "1/2-1/2"]
[WhiteElo "2200"]
[BlackElo "2178"]
[PlyCount "22"]
[EventDate "2014.03.21"]
[EventType "swiss"]
[EventCountry "GER"]
[WhiteTeam "Trümmerfeld"]
[BlackTeam "Ford-Schachfreunde Köln e.V."]
[WhiteTeamCountry "SUI"]
[BlackTeamCountry "GER"]

1. Nf3 Nf6 2. b3 d6 3. d4 Bg4 4. Bb2 Nbd7 5. Nbd2 c5 6. dxc5 Nxc5 7. e3 a6 8.
Be2 e6 9. a4 Be7 10. a5 d5 11. O-O O-O 1/2-1/2

[Event "Schachfestival 2014 - Senioren"]
[Site "Woerishofen Bad"]
[Date "2014.03.29"]
[Round "9.5"]
[White "Ofstad, Per"]
[Black "Maes, Valeer"]
[Result "1/2-1/2"]
[WhiteElo "2164"]
[BlackElo "2165"]
[PlyCount "21"]
[EventDate "2014.03.21"]
[EventType "swiss"]
[EventCountry "GER"]
[WhiteTeam "Oslo Schakselskap"]
[BlackTeam "KSK 47 Eynatten"]
[WhiteTeamCountry "NOR"]
[BlackTeamCountry "BEL"]

1. e4 e6 2. d4 d5 3. Nd2 c5 4. exd5 exd5 5. dxc5 Bxc5 6. Nb3 Bd6 7. Nf3 Nc6 8.
Bd3 Nge7 9. O-O O-O 10. Nfd4 h6 11. h3 1/2-1/2

[Event "Schachfestival 2014 - Senioren"]
[Site "Woerishofen Bad"]
[Date "2014.03.29"]
[Round "9.13"]
[White "Eichler, Gottfried"]
[Black "Zwetz, Anita"]
[Result "1/2-1/2"]
[WhiteElo "2030"]
[BlackElo "1897"]
[PlyCount "42"]
[EventDate "2014.03.21"]
[EventType "swiss"]
[EventCountry "GER"]
[WhiteTeam "MTV Dannenberg"]
[BlackTeam "TSV Kareth-Lappersdorf"]
[WhiteTeamCountry "GER"]
[BlackTeamCountry "GER"]

1. d4 d5 2. e3 Nf6 3. Nf3 c6 4. Bd3 Bg4 5. h3 Bh5 6. Nbd2 e6 7. c3 Bd6 8. Qc2
Nbd7 9. c4 Rc8 10. c5 Bb8 11. b4 Qc7 12. Bb2 O-O 13. Ne5 Bg6 14. Nxg6 hxg6 15.
Nf3 b6 16. Ng5 e5 17. Bxg6 e4 18. Bf5 Rce8 19. h4 g6 20. Bxd7 Qxd7 21. Qe2 Kg7
1/2-1/2

[Event "Schachfestival 2014 - Senioren"]
[Site "Woerishofen Bad"]
[Date "2014.03.29"]
[Round "9.35"]
[White "Meinke, Dietlind"]
[Black "Mahrla, Hans"]
[Result "1-0"]
[WhiteElo "1925"]
[BlackElo "1842"]
[PlyCount "97"]
[EventDate "2014.03.21"]
[EventType "swiss"]
[EventCountry "GER"]
[WhiteTeam "MTV Leck von 1889"]
[BlackTeam "SC Eichenau"]
[WhiteTeamCountry "GER"]
[BlackTeamCountry "GER"]

1. e4 e6 2. Nc3 d5 3. Nf3 dxe4 4. Nxe4 Nf6 5. Nxf6+ Qxf6 6. d4 h6 7. Bc4 Bd6 8.
O-O O-O 9. Re1 Nc6 10. c3 b6 11. Bb3 Bb7 12. Qd3 Bf4 13. Bc2 g6 14. Bxf4 Qxf4
15. Rxe6 Qf5 16. Qxf5 gxf5 17. Rxh6 Ne7 18. Ne5 Kg7 19. Rh3 Rad8 20. Re1 Kf6
21. Rh6+ Kg7 22. Rh3 Kf6 23. Rh6+ Kg7 24. Rh4 Kf6 25. Re3 Rg8 26. Rh6+ Ng6 27.
Bb3 Rg7 28. h4 Rh8 29. Rxh8 Nxh8 30. Rg3 Rh7 31. Rh3 Bc8 32. f4 Ng6 33. g3 Rg7
34. Kf2 Be6 35. d5 Bc8 36. Nf3 Ke7 37. h5 Nf8 38. h6 Rh7 39. Ng5 Rh8 40. d6+
cxd6 41. Nxf7 Rh7 42. Ng5 Rh8 43. h7 Bd7 44. Rh6 Bc8 45. Bg8 Bd7 46. Ke3 Be8
47. Kd4 Bg6 48. Kd5 Bxh7 49. Bxh7 1-0

[Event "Schachfestival 2014 - Senioren"]
[Site "Woerishofen Bad"]
[Date "2014.03.29"]
[Round "9.15"]
[White "Krotofil, Kurt"]
[Black "Lange, Manfred"]
[Result "0-1"]
[WhiteElo "1914"]
[BlackElo "2089"]
[PlyCount "74"]
[EventDate "2014.03.21"]
[EventType "swiss"]
[EventCountry "GER"]
[WhiteTeam "Niendorfer TSV 1919 SAbt"]
[BlackTeam "SV Würzburg von 1865 e.V."]
[WhiteTeamCountry "GER"]
[BlackTeamCountry "GER"]

1. d4 Nf6 2. c4 g6 3. Nc3 Bg7 4. e4 d6 5. Nf3 O-O 6. Be2 Nbd7 7. O-O e5 8. Re1
Re8 9. Bf1 h6 10. d5 a5 11. Rb1 Nc5 12. b3 Nh5 13. a3 f5 14. Nd2 Nf4 15. Re3
Bd7 16. g3 Nh5 17. b4 f4 18. Re1 axb4 19. axb4 Na4 20. Qb3 Rf8 21. Nxa4 Rxa4
22. g4 Nf6 23. f3 Qa8 24. b5 Qa5 25. c5 dxc5 26. d6+ Kh7 27. Nc4 Rxc4 28. Qxc4
Qxe1 29. dxc7 b6 30. Qa2 Qd1 31. Bd2 Qxf3 32. Ba5 Ra8 33. Qd2 Qxg4+ 34. Kh1
Rxa5 35. Qxa5 bxa5 36. b6 Nxe4 37. Rb2 Nd6 0-1

[Event "Schachfestival 2014 - Senioren"]
[Site "Woerishofen Bad"]
[Date "2014.03.29"]
[Round "9.23"]
[White "Jaeger, Erich"]
[Black "Kearsley, Raymond J"]
[Result "1-0"]
[WhiteElo "1963"]
[BlackElo "1700"]
[PlyCount "67"]
[EventDate "2014.03.21"]
[EventType "swiss"]
[EventCountry "GER"]
[WhiteTeam "PTSV Neustadt"]
[BlackTeam "Wimbledon"]
[WhiteTeamCountry "GER"]
[BlackTeamCountry "ENG"]

1. Nf3 g6 2. c4 Bg7 3. Nc3 c5 4. g3 Nc6 5. Bg2 d6 6. O-O Bd7 7. Rb1 Rc8 8. d3
Nf6 9. Bd2 O-O 10. Qc1 Re8 11. a3 e6 12. e4 a6 13. Bg5 Qc7 14. Qf4 Nh5 15. Qd2
f5 16. exf5 gxf5 17. Bh6 Re7 18. Qg5 Be8 19. Bxg7 Rxg7 20. Qh6 Bg6 21. Rbe1 Re8
22. Ne2 Nd8 23. Nc3 f4 24. Ng5 Nf6 25. Nce4 Rf8 26. Qh4 Qe7 27. Kh1 Nxe4 28.
Bxe4 Bxe4+ 29. Nxe4 Qc7 30. gxf4 d5 31. Nf6+ Kh8 32. Rg1 Rxg1+ 33. Rxg1 Qf7 34.
Nh5 1-0

[Event "Schachfestival 2014 - Senioren"]
[Site "Woerishofen Bad"]
[Date "2014.03.29"]
[Round "9.25"]
[White "Paulsen, Eckart"]
[Black "Haakert, Karl"]
[Result "1/2-1/2"]
[WhiteElo "1856"]
[BlackElo "1943"]
[PlyCount "52"]
[EventDate "2014.03.21"]
[EventType "swiss"]
[EventCountry "GER"]
[WhiteTeam "Post SV Neustadt"]
[BlackTeam "Schachverein Turm Mülheim 1931 e.V."]
[WhiteTeamCountry "GER"]
[BlackTeamCountry "GER"]

1. d4 Nf6 2. Bf4 e6 3. e3 d5 4. Nd2 Bd6 5. Bg3 Nbd7 6. Ngf3 Qe7 7. Bd3 c5 8. c3
b6 9. Ne5 Bb7 10. Ndf3 O-O 11. O-O Ne4 12. Nxd7 Qxd7 13. Bxd6 Qxd6 14. Rc1 f6
15. Ne1 Rfe8 16. f3 Ng5 17. f4 Ne4 18. Nf3 cxd4 19. Nxd4 a6 20. Nb3 Nc5 21. Nd4
Nxd3 22. Qxd3 Qd7 23. Nf3 Re7 24. Rfd1 Rd8 25. Rd2 Qe8 26. Rcd1 Red7 1/2-1/2

[Event "Schachfestival 2014 - Senioren"]
[Site "Woerishofen Bad"]
[Date "2014.03.29"]
[Round "9.6"]
[White "Rahn, Oskar"]
[Black "Harsch, Martin"]
[Result "1/2-1/2"]
[WhiteElo "2123"]
[BlackElo "2013"]
[PlyCount "151"]
[EventDate "2014.03.21"]
[EventType "swiss"]
[EventCountry "GER"]
[WhiteTeam "SK Frankenthal"]
[BlackTeam "Roche Basel"]
[WhiteTeamCountry "GER"]
[BlackTeamCountry "SUI"]

1. e4 c6 2. d4 d5 3. e5 Bf5 4. Nf3 e6 5. Be2 c5 6. O-O Nc6 7. dxc5 Bxc5 8. c3
Nge7 9. Nbd2 O-O 10. Nb3 Bb6 11. Nbd4 Bg6 12. Bg5 a6 13. Qd2 Qc7 14. Qf4 Rac8
15. Rac1 Ba7 16. Rfe1 Bb8 17. Qh4 Nf5 18. Nxf5 Bxf5 19. Bf1 Qb6 20. b4 Ba7 21.
Be3 Qd8 22. Qxd8 Rfxd8 23. Bxa7 Nxa7 24. Nd4 Bg6 25. a4 Nc6 26. Nb3 Rc7 27. a5
Kf8 28. f4 Rdc8 29. Kf2 d4 30. cxd4 Nxb4 31. Rxc7 Rxc7 32. Nc5 Ke7 33. Re3 Nc6
34. Nb3 Bc2 35. Be2 Bxb3 36. Rxb3 Nxa5 37. Rb6 Nc6 38. Bf3 Nxd4 39. Bxb7 a5 40.
Be4 Ra7 41. Ke3 Nf5+ 42. Kd3 h5 43. g3 f6 44. Rb7+ Rxb7 45. Bxb7 fxe5 46. fxe5
Nh6 47. Bf3 g6 48. h3 Nf7 49. Kd4 a4 50. Be4 a3 51. Kc3 Nxe5 52. Kb3 Kd6 53.
Kxa3 Kc5 54. Bb7 Nc4+ 55. Ka2 Nd6 56. Bg2 Kd4 57. Kb2 Ke3 58. Bc6 Nf5 59. Be8
Ne7 60. Bd7 e5 61. Kc2 Kf3 62. g4 h4 63. g5 e4 64. Kd2 Kf2 65. Bg4 e3+ 66. Kd3
Nc6 67. Bd1 Ne5+ 68. Ke4 Nf7 69. Kf4 Kg2 70. Kxe3 Kxh3 71. Bc2 Nxg5 72. Bxg6
Kg3 73. Bf5 Nf7 74. Ke2 Nh6 75. Be6 Ng4 76. Bxg4 1/2-1/2

[Event "Schachfestival 2014 - Senioren"]
[Site "Woerishofen Bad"]
[Date "2014.03.29"]
[Round "9.43"]
[White "Rueggeberg, Wilhelm"]
[Black "Bretscher, Robert"]
[Result "0-1"]
[WhiteElo "1882"]
[BlackElo "1631"]
[PlyCount "116"]
[EventDate "2014.03.21"]
[EventType "swiss"]
[EventCountry "GER"]
[WhiteTeam "Sfr.Saarburg-Trier"]
[BlackTeam "Roche Basel"]
[WhiteTeamCountry "GER"]
[BlackTeamCountry "SUI"]

1. d4 Nf6 2. Nf3 d5 3. c4 c6 4. e3 Bf5 5. Nc3 e6 6. cxd5 Nxd5 7. Bd3 Nxc3 8.
bxc3 Bxd3 9. Qxd3 Nd7 10. O-O Be7 11. e4 O-O 12. Rd1 Qc7 13. e5 Rfe8 14. Bf4
Nf8 15. h4 Ng6 16. Bg3 h5 17. Qe3 Qd8 18. Ng5 Nh8 19. f4 g6 20. Nf3 Rc8 21. Bf2
b6 22. Qe2 Bf8 23. c4 Qe7 24. a3 Qb7 25. Ra2 Rcd8 26. Qb2 Qa6 27. Qb3 Re7 28.
Rdd2 Red7 29. Be3 Be7 30. g3 Kg7 31. Kf2 Qc8 32. a4 Rb7 33. Rdb2 Rdd7 34. Qc2
f5 35. exf6+ Bxf6 36. Qe4 Rd8 37. Rd2 Nf7 38. Ne5 Bxe5 39. dxe5 Rbd7 40. c5
bxc5 41. Bxc5 Rxd2+ 42. Rxd2 Rxd2+ 43. Ke3 Rd5 44. Qb4 Qa6 45. Bf8+ Kg8 46. Be7
Qd3+ 47. Kf2 Qd2+ 48. Qxd2 Rxd2+ 49. Ke3 Ra2 50. Kd4 Rxa4+ 51. Kc5 Ra6 52. Bf6
Ra3 53. Kxc6 Rxg3 54. Kb7 Ra3 55. Be7 Ra2 56. Kc6 a5 57. Kb5 a4 58. Kb4 Rf2 0-1

[Event "Schachfestival 2014 - Senioren"]
[Site "Woerishofen Bad"]
[Date "2014.03.29"]
[Round "9.32"]
[White "Storkebaum, Karl Heinrich"]
[Black "Boldt, Heinrich"]
[Result "1-0"]
[WhiteElo "1959"]
[BlackElo "1922"]
[PlyCount "39"]
[EventDate "2014.03.21"]
[EventType "swiss"]
[EventCountry "GER"]
[WhiteTeam "SAbt TEC Darmstadt"]
[BlackTeam "TSV Kareth-Lappersdorf"]
[WhiteTeamCountry "GER"]
[BlackTeamCountry "GER"]

1. d4 d5 2. c4 c6 3. Nc3 Nf6 4. Nf3 dxc4 5. a4 Bf5 6. e3 e6 7. Bxc4 Bb4 8. O-O
Bxc3 9. bxc3 Nbd7 10. Ba3 Ne4 11. Rc1 g5 12. Nd2 Ndf6 13. Nxe4 Nxe4 14. f3 Nd6
15. Bb3 h5 16. e4 Bg6 17. d5 cxd5 18. Qd4 O-O 19. exd5 exd5 20. Qc5 1-0

[Event "Schachfestival 2014 - Senioren"]
[Site "Woerishofen Bad"]
[Date "2014.03.29"]
[Round "9.9"]
[White "Schmidt, Eugen"]
[Black "Mittermaier, Walter"]
[Result "1/2-1/2"]
[WhiteElo "1958"]
[BlackElo "2104"]
[PlyCount "27"]
[EventDate "2014.03.21"]
[EventType "swiss"]
[EventCountry "GER"]
[WhiteTeam "SF Oos e.V."]
[BlackTeam "SAbt TSV Haunstetten"]
[WhiteTeamCountry "GER"]
[BlackTeamCountry "GER"]

1. e4 c6 2. d4 d5 3. exd5 cxd5 4. c4 Nf6 5. Nc3 Nc6 6. Nf3 Bg4 7. cxd5 Nxd5 8.
Qb3 Bxf3 9. gxf3 Nb6 10. d5 Nd4 11. Bb5+ Nxb5 12. Qxb5+ Qd7 13. Qxd7+ Kxd7 14.
Be3 1/2-1/2

[Event "Schachfestival 2014 - Senioren"]
[Site "Woerishofen Bad"]
[Date "2014.03.29"]
[Round "9.36"]
[White "Aigner, Georg"]
[Black "Alefs, Heinz"]
[Result "1-0"]
[WhiteElo "1894"]
[BlackElo "1823"]
[PlyCount "55"]
[EventDate "2014.03.21"]
[EventType "swiss"]
[EventCountry "GER"]
[WhiteTeam "TSV Dietfurt/Altm. e.V."]
[BlackTeam "SC Eichenau"]
[WhiteTeamCountry "AUT"]
[BlackTeamCountry "GER"]

1. e4 e6 2. d4 d5 3. Nd2 dxe4 4. Nxe4 Be7 5. Nf3 Nf6 6. Qd3 b6 7. Be2 Bb7 8.
Ng3 Nbd7 9. Bg5 Nd5 10. Bd2 Rc8 11. a3 Bd6 12. Nh5 Bf8 13. Ng5 N5f6 14. Bf3 c6
15. O-O Nxh5 16. Bxh5 g6 17. Bg4 Bg7 18. Bxe6 fxe6 19. Nxe6 Qf6 20. Bg5 Qxe6
21. Rfe1 Ne5 22. Rxe5 Bxe5 23. Re1 Bxh2+ 24. Kf1 Qxe1+ 25. Kxe1 Bd6 26. Qh3 Kf7
27. Qd7+ Kg8 28. Bh6 1-0

[Event "Schachfestival 2014 - Senioren"]
[Site "Woerishofen Bad"]
[Date "2014.03.29"]
[Round "9.22"]
[White "Blutharsch, Walter"]
[Black "Reimann, Guenther"]
[Result "1/2-1/2"]
[WhiteElo "1882"]
[BlackElo "1929"]
[PlyCount "29"]
[EventDate "2014.03.21"]
[EventType "swiss"]
[EventCountry "GER"]
[WhiteTeam "VfL Sindelfingen"]
[BlackTeam "SC Magstadt"]
[WhiteTeamCountry "GER"]
[BlackTeamCountry "GER"]

1. e4 e6 2. d4 d5 3. Nc3 Nf6 4. Bd3 Be7 5. e5 Nfd7 6. Nf3 c5 7. Be3 Nc6 8. Bb5
cxd4 9. Bxd4 a6 10. Be2 Nxd4 11. Nxd4 Bb4 12. f4 Qc7 13. Qd2 Bxc3 14. Qxc3
Qxc3+ 15. bxc3 1/2-1/2

[Event "Schachfestival 2014 - Senioren"]
[Site "Woerishofen Bad"]
[Date "2014.03.29"]
[Round "9.41"]
[White "Hommann, Horst"]
[Black "Narr, Irmgard"]
[Result "1-0"]
[WhiteElo "1843"]
[BlackElo "1761"]
[PlyCount "89"]
[EventDate "2014.03.21"]
[EventType "swiss"]
[EventCountry "GER"]
[WhiteTeam "WSG Halle-Neustadt"]
[BlackTeam "SC Mühlh.-R.Nürnberg"]
[WhiteTeamCountry "GER"]
[BlackTeamCountry "GER"]

1. c4 Nf6 2. Nf3 b6 3. g3 Bb7 4. Bg2 e6 5. Nc3 Be7 6. d4 d6 7. Qc2 Nbd7 8. O-O
Rb8 9. e4 O-O 10. Bf4 Nh5 11. Be3 Nhf6 12. h3 c5 13. d5 e5 14. Nh2 Re8 15. f4
a6 16. a4 Bc8 17. Bf3 Nf8 18. f5 N6d7 19. Qd2 Rb7 20. Kh1 Nf6 21. Rg1 Bd7 22.
g4 Kh8 23. Qg2 g6 24. g5 Nh5 25. Bxh5 gxh5 26. f6 Ng6 27. fxe7 Qxe7 28. Qf3 h4
29. Ng4 Bxg4 30. Rxg4 Qd7 31. Rf1 Rf8 32. Qf5 Qc7 33. Bf2 b5 34. axb5 Qa5 35.
Qf6+ Kg8 36. Bxh4 Rb6 37. Bg3 Qb4 38. h4 Qxc4 39. h5 Nf4 40. Rfxf4 exf4 41.
Rxf4 axb5 42. h6 Qd4 43. Rf5 b4 44. e5 Qxe5 45. Bxe5 1-0

[Event "Schachfestival 2014 - Senioren"]
[Site "Woerishofen Bad"]
[Date "2014.03.29"]
[Round "9.44"]
[White "Oser, Thor"]
[Black "Stratmann, Dietrich"]
[Result "1/2-1/2"]
[WhiteElo "1820"]
[BlackElo "1697"]
[PlyCount "34"]
[EventDate "2014.03.21"]
[EventType "swiss"]
[EventCountry "GER"]
[WhiteTeam "SK 1929 Jöhlingen"]
[BlackTeam "SC Schwarz-Weiss Northeim"]
[WhiteTeamCountry "GER"]
[BlackTeamCountry "GER"]

1. d4 Nf6 2. e3 e6 3. Bd3 d5 4. f4 c5 5. c3 c4 6. Bc2 b5 7. a3 a5 8. Nf3 g6 9.
Ne5 Ne4 10. Qf3 f5 11. Nd2 Bb7 12. O-O Nd7 13. Nxd7 Qxd7 14. Nxe4 dxe4 15. Qf2
a4 16. h4 Bg7 17. g3 h5 1/2-1/2

[Event "Schachfestival 2014 - Senioren"]
[Site "Woerishofen Bad"]
[Date "2014.03.29"]
[Round "9.4"]
[White "Lainburg, Viktor"]
[Black "Witte, Manfred"]
[Result "1/2-1/2"]
[WhiteElo "2188"]
[BlackElo "2160"]
[PlyCount "20"]
[EventDate "2014.03.21"]
[EventType "swiss"]
[EventCountry "GER"]
[WhiteTeam "SC Weisse Dame Ulm e.V."]
[BlackTeam "VfB Hermsdorf e.V."]
[WhiteTeamCountry "GER"]
[BlackTeamCountry "GER"]

1. d4 Nf6 2. Nf3 c5 3. d5 e6 4. c4 exd5 5. cxd5 d6 6. Nc3 g6 7. g3 Bg7 8. Bg2
O-O 9. O-O a6 10. a4 Nbd7 1/2-1/2

[Event "Schachfestival 2014 - Senioren"]
[Site "Woerishofen Bad"]
[Date "2014.03.29"]
[Round "9.16"]
[White "Huhn, Ulrich"]
[Black "Seyffer, Guenther"]
[Result "0-1"]
[WhiteElo "1908"]
[BlackElo "2054"]
[PlyCount "66"]
[EventDate "2014.03.21"]
[EventType "swiss"]
[EventCountry "GER"]
[WhiteTeam "SF Siemensstadt"]
[BlackTeam "SK 1929 Jöhlingen"]
[WhiteTeamCountry "GER"]
[BlackTeamCountry "GER"]

1. d4 c5 2. Nf3 Nf6 3. Nc3 e6 4. e4 cxd4 5. Nxd4 d6 6. Bb5+ Bd7 7. Bxd7+ Nbxd7
8. O-O a6 9. Kh1 Nc5 10. Re1 Qc7 11. f4 O-O-O 12. a4 e5 13. Nb3 h5 14. Nd5 Nxd5
15. Qxd5 Kb8 16. Be3 exf4 17. Bxf4 Ne6 18. Be3 Rc8 19. c3 h4 20. h3 g6 21. Nd4
Nc5 22. Nb3 Rh5 23. Qc4 Re8 24. Nxc5 dxc5 25. Rf1 f5 26. Bf4 Bd6 27. Bxd6 Qxd6
28. exf5 Rxf5 29. Rxf5 gxf5 30. Qxh4 Qd2 31. Rf1 Qxb2 32. Qg3+ Ka7 33. Rxf5
Qb1+ 0-1

[Event "Schachfestival 2014 - Senioren"]
[Site "Woerishofen Bad"]
[Date "2014.03.29"]
[Round "9.21"]
[White "Reinke, Kurt"]
[Black "Oud, Niek"]
[Result "1/2-1/2"]
[WhiteElo "1884"]
[BlackElo "2000"]
[PlyCount "52"]
[EventDate "2014.03.21"]
[EventType "swiss"]
[EventCountry "GER"]
[WhiteTeam "SG Benrath"]
[BlackTeam "VAS"]
[WhiteTeamCountry "GER"]
[BlackTeamCountry "NED"]

1. d4 Nf6 2. Nf3 d5 3. e3 c5 4. Bd3 Nc6 5. Ne5 Nxe5 6. dxe5 Ng4 7. f4 Nh6 8.
O-O e6 9. Nd2 Qb6 10. Nf3 Bd7 11. f5 exf5 12. Ng5 Be7 13. e6 Bxe6 14. Nxe6 fxe6
15. Qh5+ Nf7 16. c4 g6 17. Qd1 O-O 18. g4 Rad8 19. gxf5 exf5 20. cxd5 Rxd5 21.
Qc2 Bg5 22. Bc4 Re5 23. Qg2 h6 24. Qg3 Re4 25. Be2 c4 26. Kh1 Ne5 1/2-1/2

[Event "Schachfestival 2014 - Senioren"]
[Site "Woerishofen Bad"]
[Date "2014.03.29"]
[Round "9.33"]
[White "Villing, Dieter"]
[Black "Taufratshofer, Martin"]
[Result "0-1"]
[WhiteElo "2117"]
[BlackElo "1990"]
[PlyCount "88"]
[EventDate "2014.03.21"]
[EventType "swiss"]
[EventCountry "GER"]
[WhiteTeam "SK 1962 Ladenburg"]
[BlackTeam "SK Obergünzburg"]
[WhiteTeamCountry "GER"]
[BlackTeamCountry "GER"]

1. e4 g6 2. d4 Bg7 3. Nc3 d6 4. f4 Nf6 5. Nf3 O-O 6. Bd3 c5 7. d5 b5 8. Bxb5
Nxe4 9. Nxe4 Qa5+ 10. Nc3 Bxc3+ 11. bxc3 Qxb5 12. Kf2 Nd7 13. Re1 Re8 14. f5
Nf6 15. fxg6 hxg6 16. Bg5 Bf5 17. Bxf6 exf6 18. Qd2 Kg7 19. Qf4 Qd7 20. h3 g5
21. Qc4 Bxc2 22. Rac1 Bg6 23. Qa6 Rxe1 24. Rxe1 Rb8 25. Qe2 Rb6 26. Kg3 Qf5 27.
Qe7 Qf4+ 28. Kf2 Rb2+ 29. Re2 Rxe2+ 30. Qxe2 Be4 31. g3 Qf5 32. c4 Bd3 33. Qe3
Bxc4 34. g4 Qxd5 35. h4 Qe6 36. Qd2 d5 37. hxg5 f5 38. gxf5 Qxf5 39. Qc3+ Kh7
40. Qc1 Qe6 41. Qh1+ Kg8 42. Qb1 d4 43. Qb8+ Kg7 44. Qxa7 Qe3+ 0-1

[Event "Schachfestival 2014 - Senioren"]
[Site "Woerishofen Bad"]
[Date "2014.03.29"]
[Round "9.45"]
[White "Hartlaub, Marianne"]
[Black "Riegler, Markus"]
[Result "0-1"]
[WhiteElo "1596"]
[BlackElo "1817"]
[PlyCount "70"]
[EventDate "2014.03.21"]
[EventType "swiss"]
[EventCountry "GER"]
[WhiteTeam "SK 1982 Klingenberg/Main"]
[BlackTeam "SK Mannheim-Lindenhof 1865"]
[WhiteTeamCountry "GER"]
[BlackTeamCountry "GER"]

1. Nf3 c5 2. c4 Nc6 3. g3 g6 4. Bg2 Bg7 5. a3 d6 6. O-O Bd7 7. d3 a6 8. Nbd2 f5
9. Rb1 a5 10. b3 Nf6 11. Bb2 e5 12. e3 O-O 13. h3 Qe7 14. Re1 Kh8 15. Nf1 Rac8
16. Qc2 Be6 17. Kh2 h6 18. Rbd1 Nh7 19. Ng1 Qf7 20. Ne2 g5 21. d4 cxd4 22. exd4
d5 23. dxe5 Nxe5 24. f4 Ng6 25. Bxg7+ Qxg7 26. Bxd5 Bxd5 27. Rxd5 Rfe8 28. Ne3
gxf4 29. Nxf4 Qf7 30. Qc3+ Nf6 31. Qxa5 Ne7 32. Ne6 Nexd5 33. Nxd5 Ne4 34. Rxe4
fxe4 35. Qc3+ Kh7 0-1